| 000 | 01160pam a2200361 4500 | ||
|---|---|---|---|
| 999 |
_c8530 _d8530 |
||
| 001 | 8530 | ||
| 003 | BD - Jhcc | ||
| 005 | 20180226194706.0 | ||
| 008 | 851127s1986 maua b 001 0 eng | ||
| 020 | _a0871509725 | ||
| 035 |
_aMITb10247292 _a(BD - Jhcc)8530 |
||
| 035 | _a(OCoLC)12975642 | ||
| 035 | _aGLIS00247292 | ||
| 040 |
_aDLC _cDLC _dMYG _dBD - Jhcc |
||
| 041 | _aeng | ||
| 082 | _bSTA 1986 | ||
| 090 |
_aHA29 _b.M537 1986 |
||
| 099 | _aHA29.M537 1986 | ||
| 245 | 0 | 0 |
_aStatistics for management and economics / _cWilliam Mendenhall ... [et al.]. |
| 250 | _a5th ed. | ||
| 260 |
_aBoston : _bDuxbury Press, _cc1986. |
||
| 300 |
_axvi, 976 p. : _bill. ; _c25 cm. |
||
| 500 | _aRev. ed. of: Statistics for management and economics / William Mendenhall. 4th ed. 1982. | ||
| 500 | _aIncludes index. | ||
| 504 | _aBibliography: p. vi-ix. | ||
| 650 | 0 |
_aSocial sciences _xStatistical methods. |
|
| 650 | 0 | _aStatistics. | |
| 700 | 1 | _aMendenhall, William. | |
| 700 | 1 |
_aMendenhall, William. _tStatistics for management and economics. |
|
| 942 |
_2ddc _cBK |
||
| 949 |
_aMYGD _b39080003274203 |
||